书目信息 |
| 题名: |
资产阶级古典政治经济学的产生
|
|
| 作者: | 阿法纳西耶夫 著 ;张奇方 , 黄连璧 译 | |
| 分册: | ||
| 出版信息: | 北京 商务印书馆 1984 |
|
| 页数: | 87页 | |
| 开本: | 21cm | |
| 丛书名: | ||
| 单 册: | ||
| 中图分类: | F091.33 | |
| 科图分类: | ||
| 主题词: | 古典资产阶级政治经济学--研究 | |
| 电子资源: | ||
| ISBN: | ||
| 000 | 00938nam0 2200265 45 | |
| 001 | 0184013684 | |
| 005 | 20061025153712.65 | |
| 010 | @dCNY0.45 | |
| 091 | @a4017.286 | |
| 100 | @a19950524d1984 em y0chiy0121 ea | |
| 101 | 1 | @achi@crus |
| 102 | @aCN@b110000 | |
| 105 | @ay z 000yy | |
| 200 | 10 | @a资产阶级古典政治经济学的产生@Azi chan jie ji gu dian zheng zhi jing ji xue de chan sheng@e威廉·配第@f(苏)弗·谢·阿法纳西耶夫著@g张奇方,黄连璧译 |
| 210 | @a北京@c商务印书馆@d1984 | |
| 215 | @a87页@d21cm | |
| 510 | 1 | @aВозникновение классической буржуазной политической экономии@zrus |
| 606 | @a古典资产阶级政治经济学@x研究 | |
| 690 | @aF091.33@v3 | |
| 701 | 1 | @a阿法纳西耶夫@Aa fa na xi ye fu@b弗·谢·@4著 |
| 702 | 0 | @a张奇方@Azhang qi fang@4译 |
| 702 | 0 | @a黄连璧@Ahuang lian bi@4译 |
| 801 | 2 | @aCN@bNLC@c20061025 |
| 801 | 0 | @aCN@bTSSF |
| 905 | @a10447@dF091.33@e17 | |
| 资产阶级古典政治经济学的产生:威廉·配第/(苏)弗·谢·阿法纳西耶夫著/张奇方,黄连璧译.-北京:商务印书馆,1984 |
| 87页;21cm |
| ISBN :CNY0.45 |
| ● |
| 相关链接 |
|
|
|
|
正题名:资产阶级古典政治经济学的产生
索取号:F091.33/17
 
预约/预借
| 序号 | 登录号 | 条形码 | 馆藏地/架位号 | 状态 | 备注 |
| 1 | 0108268 | 000193454 | 第一样本阅览室/ [索取号:F091.33/17] | 在馆 |